[Event "Guernsey Holiday 2013"]
[Site "Guernsey GCI"]
[Date "2013.10.26"]
[Round "7"]
[White "Glover, John"]
[Black "Jongerius, Marc"]
[Result "1-0"]
[WhiteElo "1712"]
[BlackElo "1642"]
[PlyCount "95"]
[EventDate "2013.10.20"]
[EventType "swiss"]
[EventRounds "7"]
[SourceDate "2013.12.14"]

1. Nf3 g6 2. c4 Bg7 3. g3 Nf6 4. Bg2 O-O 5. Nc3 d6 6. d4 Nc6 7. O-O e5 8. d5
Ne7 9. e4 Nd7 10. Ne1 f5 11. f4 fxe4 12. Bxe4 Nf6 13. Bf3 Nf5 14. fxe5 dxe5 15.
Nc2 Qe7 16. b4 e4 17. Re1 Re8 18. Nxe4 Nxe4 19. Rxe4 Qf7 20. Rxe8+ Qxe8 21. Rb1
Qa4 22. Bf4 Qxa2 23. c5 Qc4 24. Bxc7 Nd4 25. Nxd4 Bxd4+ 26. Kg2 Bd7 27. Qb3 Qb5
28. d6+ Kg7 29. Qd5 Qd3 30. Rd1 Qxd1 31. Bxd1 Bc6 32. Bf3 Bxd5 33. Bxd5 Rf8 34.
Bxb7 Rf7 35. Bc6 Bf6 36. Bb5 Be5 37. Bc4 Rxc7 38. dxc7 Bxc7 39. Kf3 Kf6 40. Ke4
Ke7 41. Kd5 g5 42. Be2 h6 43. Bg4 Kd8 44. Kc6 a6 45. Kb7 a5 46. b5 a4 47. b6
Be5 48. c6 1-0

[Event "Guernsey Holiday 2013"]
[Site "Guernsey GCI"]
[Date "2013.10.26"]
[Round "7"]
[White "Joyeux, Gerard"]
[Black "Collins, Alan"]
[Result "1/2-1/2"]
[WhiteElo "1651"]
[BlackElo "1720"]
[PlyCount "64"]
[EventDate "2013.10.20"]
[EventType "swiss"]
[EventRounds "7"]
[SourceDate "2013.12.14"]

1. d4 d6 2. e4 Nf6 3. Nc3 c6 4. Bg5 Nbd7 5. Nf3 h6 6. Bh4 Qa5 7. Bd3 e5 8. O-O
g5 9. Bg3 exd4 10. Nxd4 Ne5 11. Nb3 Qb6 12. Bxe5 dxe5 13. Kh1 Be6 14. Qe2 Be7
15. Bc4 Bxc4 16. Qxc4 O-O 17. Qe2 Rad8 18. Nd1 Rd7 19. Ne3 Rfd8 20. Nf5 Bf8 21.
Qf3 c5 22. Rfe1 c4 23. Nc1 Rd2 24. Ne2 Qc6 25. Neg3 b5 26. Ne3 Qe6 27. h3 Kh7
28. a4 b4 29. Nxc4 Rxc2 30. b3 Rc3 31. Re3 Rxe3 32. Qxe3 Rd4 1/2-1/2

[Event "Guernsey Holiday 2013"]
[Site "Guernsey GCI"]
[Date "2013.10.26"]
[Round "7"]
[White "Gunn, Mike"]
[Black "Foran, Barry"]
[Result "1/2-1/2"]
[WhiteElo "1680"]
[BlackElo "1503"]
[PlyCount "101"]
[EventDate "2013.10.20"]
[EventType "swiss"]
[EventRounds "7"]
[SourceDate "2013.12.14"]

1. c4 c6 2. d4 d5 3. cxd5 cxd5 4. Nf3 Nc6 5. Nc3 Nf6 6. Bf4 a6 7. h3 Bf5 8. a3
e6 9. e3 Bd6 10. Bxd6 Qxd6 11. Be2 h6 12. Na4 Nd7 13. Rc1 O-O 14. O-O Rfc8 15.
Nc5 b5 16. Nxd7 Qxd7 17. b4 Nd8 18. Qd2 Nb7 19. Ne5 Qe8 20. g4 Bh7 21. Rxc8
Rxc8 22. Rc1 Nd6 23. Rxc8 Qxc8 24. Bd3 Be4 25. f3 Bxd3 26. Nxd3 Nc4 27. Qc1 Qc7
28. Kg2 a5 29. f4 axb4 30. axb4 Qa7 31. Kf3 Qa2 32. Nf2 Qb3 33. Qe1 Qb2 34. Kg3
Qb3 35. Kf3 Qb2 36. Kg3 Kh7 37. Nd3 Qb3 38. Qe2 Qb1 39. Kg2 Nd6 40. Qf1 Qc2+
41. Kf3 Ne4 42. Qe2 Qb1 43. Kg2 g6 44. Qf1 Qc2+ 45. Nf2 Qd2 46. Kf3 Nxf2 47.
Qxf2 Qxb4 48. Qa2 Qc3 49. Qa7 Kg7 50. Qe7 b4 51. g5 1/2-1/2

[Event "Guernsey Holiday 2013"]
[Site "Guernsey GCI"]
[Date "2013.10.26"]
[Round "7"]
[White "Bakkes, Frits"]
[Black "Beadle, John"]
[Result "1-0"]
[WhiteElo "1678"]
[BlackElo "1624"]
[PlyCount "69"]
[EventDate "2013.10.20"]
[EventType "swiss"]
[EventRounds "7"]
[SourceDate "2013.12.14"]

1. e4 e6 2. d4 d5 3. Nc3 dxe4 4. Nxe4 Bd7 5. Nf3 Bc6 6. Bd3 Bxe4 7. Bxe4 c6 8.
c3 Nf6 9. Bc2 Nbd7 10. O-O Qc7 11. Re1 Bd6 12. h3 O-O 13. Qd3 h6 14. Nd2 Bf4
15. g3 Bxd2 16. Bxd2 Rad8 17. b4 c5 18. Bf4 Qc8 19. bxc5 Nxc5 20. Qf3 Na6 21.
Bxh6 gxh6 22. Qxf6 Qxc3 23. Rac1 Qxd4 24. Re5 Qd2 25. Rd1 Qxc2 26. Rxd8 Rxd8
27. Qxd8+ Kg7 28. Qd4 Kf8 29. Qf4 Qb1+ 30. Kg2 Qxa2 31. Qxh6+ Ke7 32. Qh4+ Kf8
33. Qd8+ Kg7 34. Rg5+ Kh6 35. Qf6+ 1-0

[Event "Guernsey Holiday 2013"]
[Site "Guernsey GCI"]
[Date "2013.10.26"]
[Round "7"]
[White "Keuneke, Hanno"]
[Black "Kaye, Mike"]
[Result "1-0"]
[WhiteElo "1767"]
[BlackElo "1368"]
[PlyCount "71"]
[EventDate "2013.10.20"]
[EventType "swiss"]
[EventRounds "7"]
[SourceDate "2013.12.14"]

1. e4 c5 2. Nf3 d6 3. d4 cxd4 4. Nxd4 Nf6 5. Nc3 Bd7 6. Bc4 g6 7. f3 Bg7 8. Be3
O-O 9. Qd2 Ne8 10. O-O-O Nc6 11. h4 Rc8 12. Bb3 a6 13. h5 Nxd4 14. Bxd4 Bxd4
15. Qxd4 e5 16. Qf2 Be6 17. hxg6 Qg5+ 18. Kb1 Qxg6 19. Rh4 Bxb3 20. Rg4 Qxg4
21. fxg4 Be6 22. Qh4 Rc7 23. g5 f5 24. gxf6 Rxf6 25. Nd5 Bxd5 26. exd5 Rf4 27.
Qd8 Kf8 28. Qg5 Rf2 29. c3 Rg7 30. Qh6 Rfxg2 31. Rf1+ Kg8 32. Qe6+ Kh8 33.
Qxe8+ Rg8 34. Rf8 h6 35. Rxg8+ Rxg8 36. Qe6 1-0

[Event "Guernsey Holiday 2013"]
[Site "Guernsey GCI"]
[Date "2013.10.26"]
[Round "7"]
[White "Norman, Dinah M"]
[Black "Finch, Russell"]
[Result "1/2-1/2"]
[WhiteElo "1736"]
[BlackElo "1606"]
[PlyCount "28"]
[EventDate "2013.10.20"]
[EventType "swiss"]
[EventRounds "7"]
[SourceDate "2013.12.14"]

1. d4 f5 2. Nf3 e6 3. g3 Nf6 4. Bg2 d5 5. Nbd2 c6 6. Ne5 Bd6 7. Ndf3 Nbd7 8.
Nd3 Ne4 9. O-O O-O 10. b3 Qe7 11. Bb2 b6 12. c4 Bb7 13. a4 a5 14. Qc2 Rac8
1/2-1/2

[Event "Guernsey Holiday 2013"]
[Site "Guernsey GCI"]
[Date "2013.10.26"]
[Round "7"]
[White "Svenneling, Matz"]
[Black "Ruigrok, Jacques"]
[Result "1/2-1/2"]
[WhiteElo "1504"]
[BlackElo "1683"]
[PlyCount "33"]
[EventDate "2013.10.20"]
[EventType "swiss"]
[EventRounds "7"]
[SourceDate "2013.12.14"]

1. e4 e5 2. Nf3 Nc6 3. d4 exd4 4. Nxd4 Bc5 5. Be3 Qf6 6. c3 Bb6 7. Bc4 Nge7 8.
Na3 d6 9. Qd2 h6 10. f3 O-O 11. O-O-O Be6 12. Bxe6 fxe6 13. Nc4 Ne5 14. Qe2
Rfd8 15. Rhe1 N7c6 16. Nxe5 Nxe5 17. f4 1/2-1/2

[Event "Guernsey Holiday 2013"]
[Site "Guernsey GCI"]
[Date "2013.10.26"]
[Round "7"]
[White "Rowe, Oliver"]
[Black "Baart, Edwin"]
[Result "0-1"]
[WhiteElo "1445"]
[BlackElo "1681"]
[PlyCount "106"]
[EventDate "2013.10.20"]
[EventType "swiss"]
[EventRounds "7"]
[SourceDate "2013.12.14"]

1. d4 Nf6 2. Bf4 d5 3. e3 e6 4. Nf3 c5 5. c3 Nbd7 6. Nbd2 Qb6 7. Qb3 Be7 8. Bd3
O-O 9. h3 Re8 10. O-O Qxb3 11. axb3 a6 12. Rfe1 Nf8 13. dxc5 Bxc5 14. c4 e5 15.
Bxe5 N8d7 16. Bc3 Bd6 17. e4 Nc5 18. Bc2 Ncxe4 19. Bxf6 Nxf6 20. Rxe8+ Nxe8 21.
cxd5 Bd7 22. Nc4 Rc8 23. Bd3 f6 24. Nb6 Rc7 25. Re1 Kf7 26. Nd4 Bc5 27. Bc4 Nd6
28. Na8 Rc8 29. Ne6 Bxe6 30. dxe6+ Ke7 31. Nb6 Bxb6 32. Bd3 h6 33. g4 Bd4 34.
Re2 Rc5 35. Rd2 Kxe6 36. b4 Rc1+ 37. Kg2 Nc4 38. Re2+ Kd6 39. b3 Ne5 40. Bf5
Bc3 41. f4 Nc6 42. Re6+ Kc7 43. b5 axb5 44. Re8 Re1 45. Be6 Re4 46. Rc8+ Kb6
47. f5 Be5 48. Rg8 Re2+ 49. Kf1 Rh2 50. Rxg7 Rxh3 51. Bc8 Rxb3 52. Rxb7+ Kc5
53. Rg7 Bf4 0-1

[Event "Guernsey Holiday 2013"]
[Site "Guernsey GCI"]
[Date "2013.10.26"]
[Round "7"]
[White "Adrian, Louise"]
[Black "Borland, Tom"]
[Result "1/2-1/2"]
[WhiteElo "1403"]
[BlackElo "1615"]
[PlyCount "65"]
[EventDate "2013.10.20"]
[EventType "swiss"]
[EventRounds "7"]
[SourceDate "2013.12.14"]

1. d4 d5 2. c4 e6 3. Nc3 Nf6 4. Nf3 Be7 5. Bf4 c6 6. cxd5 exd5 7. Qc2 O-O 8. e3
Nbd7 9. Bd3 Re8 10. O-O-O Nf8 11. h3 b5 12. Ne5 Qb6 13. g4 a5 14. Rdg1 a4 15.
g5 b4 16. Nxa4 Rxa4 17. Qxa4 Ne4 18. Bxe4 dxe4 19. Qxc6 Qd8 20. Qxe4 Be6 21.
Qc2 Qa5 22. Nc6 Qxa2 23. Nxe7+ Rxe7 24. Qb1 Qd5 25. Qc2 Re8 26. Kd1 Rc8 27. Qd2
Qb3+ 28. Ke1 Rc2 29. Qd1 Bc4 30. e4 Re2+ 31. Qxe2 Bxe2 32. Kxe2 Qxb2+ 33. Kf3
1/2-1/2

[Event "Guernsey Holiday 2013"]
[Site "Guernsey GCI"]
[Date "2013.10.26"]
[Round "7"]
[White "Goman, Colin"]
[Black "Dokter, Marike"]
[Result "1/2-1/2"]
[WhiteElo "1556"]
[BlackElo "1552"]
[PlyCount "41"]
[EventDate "2013.10.20"]
[EventType "swiss"]
[EventRounds "7"]
[SourceDate "2013.12.14"]

1. d4 d5 2. Nf3 Bg4 3. e3 e6 4. Bd3 Nf6 5. Nbd2 c5 6. c3 cxd4 7. exd4 Be7 8.
O-O O-O 9. Qc2 Nbd7 10. Ng5 g6 11. f4 Bf5 12. Ndf3 Bxd3 13. Qxd3 Nh5 14. g4 Ng7
15. Nh3 Nf6 16. Ne5 Ne4 17. Nf2 Nxf2 18. Rxf2 f5 19. g5 Rc8 20. b4 a6 21. a3
1/2-1/2

[Event "Guernsey Holiday 2013"]
[Site "Guernsey GCI"]
[Date "2013.10.26"]
[Round "7"]
[White "Kay, Robert"]
[Black "Adrian, Lucien"]
[Result "1-0"]
[WhiteElo "1528"]
[BlackElo "1383"]
[PlyCount "98"]
[EventDate "2013.10.20"]
[EventType "swiss"]
[EventRounds "7"]
[SourceDate "2013.12.14"]

1. f4 e6 2. Nf3 d5 3. e3 Nf6 4. Nc3 Be7 5. b3 Nc6 6. Bb5 Bd7 7. O-O O-O 8. Bb2
a6 9. Bxc6 Bxc6 10. Re1 Bc5 11. Ne5 d4 12. Nxc6 bxc6 13. Na4 Ba7 14. Qf3 dxe3
15. dxe3 Nd5 16. Rad1 Qh4 17. g3 Qh6 18. Bd4 Bxd4 19. Rxd4 Rfe8 20. e4 e5 21.
fxe5 Rxe5 22. Red1 Nf6 23. Rd8+ Rxd8 24. Rxd8+ Re8 25. Rxe8+ Nxe8 26. Qd3 g6
27. Nc5 a5 28. Nb7 Kg7 29. Nxa5 c5 30. Nb7 Nf6 31. Nxc5 Ng4 32. Qc3+ Kg8 33. h4
Qc1+ 34. Kg2 Qb1 35. a4 Qxc2+ 36. Qxc2 Ne3+ 37. Kf3 Nxc2 38. a5 Nb4 39. a6 Nc6
40. b4 Kf8 41. Kf4 Ke7 42. Nd3 f6 43. g4 Na7 44. g5 fxg5+ 45. Kxg5 Kf7 46. Kh6
Kg8 47. e5 Kh8 48. e6 Kg8 49. Nf4 Kh8 1-0

[Event "Guernsey Holiday 2013"]
[Site "Guernsey GCI"]
[Date "2013.10.26"]
[Round "7"]
[White "Day, Frederick"]
[Black "Adrian, Leopold"]
[Result "1/2-1/2"]
[WhiteElo "1512"]
[BlackElo "1333"]
[PlyCount "85"]
[EventDate "2013.10.20"]
[EventType "swiss"]
[EventRounds "7"]
[SourceDate "2013.12.14"]

1. c4 e5 2. g3 Nc6 3. Bg2 g6 4. Nc3 Bg7 5. d3 Nge7 6. e4 d6 7. Nge2 O-O 8. O-O
Be6 9. Nd5 f5 10. Nxe7+ Qxe7 11. exf5 Bxf5 12. Nc3 Nd4 13. f4 exf4 14. Bxf4
Rab8 15. Qd2 Bg4 16. Rae1 Qd7 17. Bd5+ Kh8 18. Kh1 Bh3 19. Rf2 c6 20. Be4 Bg4
21. Bg2 Bh3 22. Ref1 Bxg2+ 23. Kxg2 Rf5 24. Ne4 Rh5 25. Ng5 h6 26. Bxd6 Rd8 27.
Nf7+ Kh7 28. h4 Qg4 29. Rf4 Qd7 30. Rxd4 Bxd4 31. Nxd8 Qxd6 32. Nxb7 Qc7 33.
Rf4 Qxb7 34. Rxd4 c5+ 35. Re4 Re5 36. Kh2 Rxe4 37. dxe4 h5 38. e5 Qe4 39. b3
Qxe5 40. Qf2 Kg7 41. Qd2 Qe6 42. Qb2+ Kh7 43. Qd2 1/2-1/2

[Event "Guernsey Holiday 2013"]
[Site "Guernsey GCI"]
[Date "2013.10.26"]
[Round "7"]
[White "Jones, Tim"]
[Black "Harnden, Terry"]
[Result "1-0"]
[WhiteElo "1456"]
[BlackElo "1527"]
[PlyCount "71"]
[EventDate "2013.10.20"]
[EventType "swiss"]
[EventRounds "7"]
[SourceDate "2013.12.14"]

1. e4 c5 2. Nc3 d6 3. g3 Nc6 4. Nf3 g6 5. Bg2 Bg7 6. h3 Nf6 7. Rb1 O-O 8. d3
Rb8 9. O-O Bd7 10. Bd2 Qc8 11. Kh2 Ne5 12. Nxe5 dxe5 13. a4 a6 14. b3 b5 15.
Re1 Re8 16. Qe2 b4 17. Nd1 a5 18. Nb2 Be6 19. Red1 Rd8 20. Be3 Rd6 21. f4 Ne8
22. Rf1 Rd8 23. f5 Bd7 24. Qf2 Nf6 25. Bxc5 Re8 26. Be3 Qc7 27. Nc4 Ra8 28. g4
h5 29. g5 Nh7 30. Rbd1 gxf5 31. exf5 e4+ 32. Bf4 e5 33. fxe6 Qd8 34. exf7+ Kf8
35. fxe8=Q+ Qxe8 36. Bxe4 1-0

[Event "Guernsey Holiday 2013"]
[Site "Guernsey GCI"]
[Date "2013.10.26"]
[Round "7"]
[White "Van Beek, Ronald"]
[Black "Le Maitre, Richard"]
[Result "1/2-1/2"]
[WhiteElo "1390"]
[BlackElo "1423"]
[PlyCount "61"]
[EventDate "2013.10.20"]
[EventType "swiss"]
[EventRounds "7"]
[SourceDate "2013.12.14"]

1. d4 d5 2. Nf3 h6 3. Bf4 Nc6 4. a3 Nf6 5. h3 Bf5 6. e3 a6 7. Bd3 Bxd3 8. Qxd3
e6 9. O-O Ne4 10. Nbd2 Nxd2 11. Qxd2 Bd6 12. Ne5 Nxe5 13. dxe5 Bc5 14. Rfd1 Qe7
15. b4 Ba7 16. c3 O-O-O 17. Qc2 Qd7 18. Rd2 Qb5 19. a4 Qb6 20. a5 Qb5 21. Rad1
Qc4 22. Qd3 Qxd3 23. Rxd3 c5 24. Rc1 c4 25. Rdd1 Rhf8 26. g4 g5 27. Bg3 Rg8 28.
Kg2 Rh8 29. h4 Rhg8 30. Rh1 Bb8 31. h5 1/2-1/2

[Event "Guernsey Holiday 2013"]
[Site "Guernsey GCI"]
[Date "2013.10.26"]
[Round "7"]
[White "Bennett, David"]
[Black "Jones, Sid A"]
[Result "0-1"]
[WhiteElo "1392"]
[BlackElo "1488"]
[PlyCount "92"]
[EventDate "2013.10.20"]
[EventType "swiss"]
[EventRounds "7"]
[SourceDate "2013.12.14"]

1. Nf3 Nf6 2. d4 d5 3. Bf4 e6 4. Nbd2 c5 5. Bxb8 Rxb8 6. c3 Bd6 7. e3 O-O 8.
Be2 Bd7 9. O-O Qc7 10. g3 c4 11. b3 b5 12. b4 Rfe8 13. Qc2 Re7 14. e4 Nxe4 15.
Nxe4 dxe4 16. Qxe4 Bc6 17. Qc2 h6 18. Rfe1 Rbe8 19. Bf1 Bxf3 20. Re3 Bd5 21.
Rae1 Qc6 22. f3 Bxf3 23. Rd1 Bd5 24. Be2 e5 25. Bh5 e4 26. Rf1 g6 27. Bd1 Qc7
28. Qg2 Qd7 29. h3 f5 30. h4 Rf8 31. Qe2 Ref7 32. Qd2 f4 33. Ree1 Qh3 34. Qg2
Qxg2+ 35. Kxg2 e3+ 36. Bf3 Bxf3+ 37. Rxf3 Re8 38. h5 Rfe7 39. Re2 Bc7 40. a3 a5
41. Kg1 axb4 42. axb4 Ra8 43. Kf1 Ra3 44. Rc2 Ra1+ 45. Ke2 Rg1 46. Ra2 Rg2+ 0-1

[Event "Guernsey Holiday 2013"]
[Site "Guernsey GCI"]
[Date "2013.10.26"]
[Round "7"]
[White "Kerr, Matthew"]
[Black "Le Messurier, Rosemary"]
[Result "0-1"]
[WhiteElo "1434"]
[BlackElo "1210"]
[PlyCount "46"]
[EventDate "2013.10.20"]
[EventType "swiss"]
[EventRounds "7"]
[SourceDate "2013.12.14"]

1. e4 e5 2. Nf3 Nc6 3. Bc4 Nh6 4. d3 g6 5. Ng5 Qf6 6. h3 Bc5 7. O-O d6 8. Be3
Bxe3 9. fxe3 Qxg5 10. Qf3 O-O 11. c3 Kg7 12. Nd2 f5 13. exf5 Rxf5 14. Qe2 Rxf1+
15. Rxf1 Bxh3 16. Ne4 Qg4 17. Qxg4 Bxg4 18. Ng5 Ng8 19. Ne6+ Bxe6 20. Bxe6 Nf6
21. b4 Re8 22. Bh3 h5 23. Bd7 Nxd7 0-1

[Event "Guernsey Holiday 2013"]
[Site "Guernsey GCI"]
[Date "2013.10.26"]
[Round "7"]
[White "Brown, Jim"]
[Black "Newrick, William R"]
[Result "1/2-1/2"]
[WhiteElo "1168"]
[BlackElo "1392"]
[PlyCount "38"]
[EventDate "2013.10.20"]
[EventType "swiss"]
[EventRounds "7"]
[SourceDate "2013.12.14"]

1. Nf3 Nf6 2. d4 d5 3. e3 a6 4. Nbd2 Nc6 5. a3 Bf5 6. h3 h6 7. Be2 e6 8. b3 Bd6
9. Bb2 Ne4 10. O-O Nxd2 11. Qxd2 Be4 12. Qd1 Ne7 13. Rc1 Nf5 14. Ne5 Qh4 15. f3
Ng3 16. Qe1 Nxe2+ 17. Qxe2 Bxe5 18. dxe5 Bg6 19. f4 Qe7 1/2-1/2